000 00406nam a2200169Ia 4500
003 LK-CoDNM
008 010623t1949 xxu||||| |||| 00| 1 eng d
040 _aLK-CoDNM
_dLK-CoDNM
_eLK-CoDNM
041 _aeng
080 _a75(410.1) BEC HOG
100 _aBeckett,R.B.
245 _aHogaarth
260 _bRoutledge
_aLondon
_c1949
300 _b202Pl,80p., 22 cm
650 _aArts Crafts
942 _cBK
999 _c101499
_d101499